000 00682nam a22002417a 4500
003 UA-OsUOA
001 87160
007 ta
008 20120914b un ||||| |||| 00| 0 ukr d
100 _aМихальская Н. П.
700 _aАникин Г. В.
090 _a82.09(420)
_bМ69
942 _cBK
040 _aUA-OsUOA
_brus
_cUA-OsUOA
_dUA-OsUOA
245 _aАнглийский роман ХХ века
_bучеб. пособие
300 _a192 с.
955 _a2
041 _arus
080 _a82.09(420)
260 _aМ.
_bВысшая школа
_c1982
650 7 _a82 Література. Літературознавство
_2UDC
999 _c373451
_d373451